الإحتلال الإسرائيلي و أثره على المؤسسات الثقافية و التربوية في فلسطين المحتلة / (رقم التسجيلة. 14747)

تفاصيل مارك
000 -LEADER
fixed length control field 00642nam a22001817a 4500
005 - DATE AND TIME OF LATEST TRANSACTION
control field 20251108164813.0
008 - FIXED-LENGTH DATA ELEMENTS--GENERAL INFORMATION
fixed length control field 250721s1985 xx 000 0 ara d
082 14 - DEWEY DECIMAL CLASSIFICATION NUMBER
Classification number 370.9564/صال
100 1# - MAIN ENTRY--PERSONAL NAME
Personal name صالح، عبد الجواد
245 10 - TITLE STATEMENT
Title الإحتلال الإسرائيلي و أثره على المؤسسات الثقافية و التربوية في فلسطين المحتلة /
264 1# - PRODUCTION, PUBLICATION, DISTRIBUTION, MANUFACTURE, AND COPYRIGHT NOTICE
Place of production, publication, distribution, manufacture لندن :
Name of producer, publisher, distributor, manufacturer مركز القدس للدراسات الأنمائية،
Date of production, publication, distribution, manufacture, or copyright notice 1985.
300 ## - PHYSICAL DESCRIPTION
Extent 430ص
650 17 - SUBJECT ADDED ENTRY--TOPICAL TERM
Topical term or geographic name as entry element التربية
650 17 - SUBJECT ADDED ENTRY--TOPICAL TERM
Topical term or geographic name as entry element فلسطين
650 17 - SUBJECT ADDED ENTRY--TOPICAL TERM
Topical term or geographic name as entry element تاريخ التربية
942 ## - ADDED ENTRY ELEMENTS (KOHA)
Source of classification or shelving scheme Dewey Decimal Classification
Koha item type كتب
المقتنيات
حالة السحب حالة الفقدان مصدر التصنيف حالة التلف غير قابل للإعارة المكتبة الرئيسية المكتبة الحالية موقع الرف تاريخ التزويد الرقم المتسلسل Total Checkouts رقم الإستدعاء تاريخ آخر ظهور تاريخ الفاتورة نوع المادة (كوها) الباركود
    Dewey Decimal Classification Unchecked   مكتبة الحسن العامة مكتبة الحسن العامة الإعارة 06/07/2004 1149   370.9564/صال 28/07/2025 06/07/2004 كتب  
    Dewey Decimal Classification     مكتبة الحسن العامة مكتبة الحسن العامة الإعارة 19/09/2018 0726   370.9564/صال 28/07/2025 19/09/2018 كتب PLD00432471
    Dewey Decimal Classification     مكتبة الحسن العامة مكتبة الحسن العامة الإعارة 19/09/2018 02120   370.9564/صال 28/07/2025 19/09/2018 كتب PLD00432472
    Dewey Decimal Classification     مكتبة النصر العامة مكتبة النصر العامة الإعارة 15/04/2015 [ 1532 ][]   370.9564/صال 28/07/2025 15/04/2015 كتب PLD00383771
    Dewey Decimal Classification Unchecked   مكتبة حمزة العامة مكتبة حمزة العامة الإعارة 06/07/2004 2263   370.9564/صال 28/07/2025 06/07/2004 كتب  
    Dewey Decimal Classification Unchecked   مكتبة حمزة العامة مكتبة حمزة العامة الإعارة 06/07/2004 2264   370.9564/صال 28/07/2025 06/07/2004 كتب  
    Dewey Decimal Classification Unchecked   مكتبة صويلح العامة مكتبة صويلح العامة الإعارة 06/07/2004 5445   370.9564/صال 28/07/2025 06/07/2004 كتب  
    Dewey Decimal Classification Unchecked   مكتبة صويلح العامة مكتبة صويلح العامة الإعارة 06/07/2004 45   370.9564/صال 28/07/2025 06/07/2004 كتب  
Implemented & Customized by: BBB with SCIT (Smart Chains for Information Technology)

Powered by Koha